| 000 | 01209nam a22003497a 4500 | ||
|---|---|---|---|
| 003 | CHAP | ||
| 005 | 20220329134552.0 | ||
| 008 | 971013s1978 r 00010 d | ||
| 010 | _a22342 | ||
| 011 | _a23314 | ||
| 035 | _a27410 | ||
| 040 | _cCHAP | ||
| 082 |
_a589.2 _bA8 |
||
| 245 | _aAtlas de micología básica | ||
| 260 |
_aMéxico, D.F. : _bEd. Concepto, _c1978 |
||
| 300 |
_a158 p. _b; apénd. láms |
||
| 590 |
_aBATCH-UPD _b10 _c20130110 _lUCH01 _h0302 |
||
| 590 |
_aBATCH-UPD _b10 _c20130110 _lUCH01 _h1359 |
||
| 590 |
_aBATCH-UPD _b10 _c20130409 _lUCH01 _h2334 |
||
| 590 |
_aBATCH-UPD _b10 _c20130914 _lUCH01 _h1601 |
||
| 590 |
_aCONVERSION _b10 _c20130109 _lUCH01 _h1313 |
||
| 650 | 1 | 4 |
_aHongos. _956084 |
| 650 | 1 | 4 |
_aMicología. _975476 |
| 700 | 0 |
_aHanlin, Richard T. _952535 |
|
| 700 | 0 |
_aUlloa, Miguel. _9116060 |
|
| 901 | _aBK | ||
| 942 | _cLIBRO | ||
| 949 |
_a589.2 A8 _bBC _cLIBRO _d33724000354239 _eLIBRO _h61164 _i27410 _si _t680.00 |
||
| 949 |
_a589.2 A8 _bBC _cLIBRO _d33724000639183 _eLIBRO _fc.3 _h67036 _i27410 _si _t680.00 |
||
| 949 |
_a589.2 A8 _bBC _cLIBRO _d33724000940615 _eLIBRO _fc.2 _h61165 _i27410 _si _t680.00 |
||
| 949 |
_a589.2 A8 _bBC _cLIBRO _d33724002013504 _eLIBRO _fc.4 _h67037 _i27410 _si _t680.00 |
||
| 999 |
_c22342 _d22342 |
||